| 000 | 00423cam a22001337a 4500 | ||
|---|---|---|---|
| 008 | 180718b1995 xxu||||| |||| 00| 0 eng d | ||
| 082 | _aT19x54 P218 | ||
| 100 | _aPanda, Manoj | ||
| 245 |
_aThe macro-economic scenario, 1994-95 _cby Manoj Panda |
||
| 260 |
_aNew Delhi _bKonark _c1995 |
||
| 300 | _ap.1-34 | ||
| 500 | _a[In]Mid-year review of the economy 1994-95 edited by Kirit S. Parikh | ||
| 650 | _aIndia - Economic policy | ||
| 999 |
_c377920 _d377920 |
||